[Event "C.to Provinciale CO"]
[Site "Como ITA"]
[Date "2009.01.25"]
[Round "4"]
[White "Lancianese, Giuseppe"]
[Black "Petetta, Roberto"]
[Result "1/2-1/2"]
[WhiteElo "1804"]
[BlackElo "1656"]
[PlyCount "104"]
[EventDate "2009.01.24"]

1. d4 d5 2. Nf3 Bg4 3. Bf4 e6 4. e3 Bd6 5. Bg3 Bxg3 6. hxg3 h6 7. c4 c6 8. Nc3
Nd7 9. Be2 Ngf6 10. Qc2 Bf5 11. Bd3 Bxd3 12. Qxd3 Qe7 13. cxd5 exd5 14. O-O Ne4
15. Nd2 f5 16. Rab1 Ndf6 17. b4 Rc8 18. Rfc1 O-O 19. Nf3 Ng4 20. Nd1 g5 21. b5
c5 22. dxc5 Rxc5 23. Nd4 Rfc8 24. Nxf5 Qf6 25. Rxc5 Rxc5 26. f3 Qxf5 27. fxg4
Qxg4 28. Nf2 Qf5 29. Rf1 Nxg3 30. Qxf5 Nxf5 31. Nd3 Rc3 32. Rxf5 Rxd3 33. Kf2
Rd2+ 34. Kf3 Kg7 35. a4 Kg6 36. Rf8 Rc2 37. Ra8 a6 38. bxa6 bxa6 39. Rxa6+ Kg7
40. Ra7+ Kg8 41. Ra6 Kg7 42. Ra7+ Kf8 43. Rh7 Rc6 44. Rd7 Ra6 45. Rxd5 Rxa4 46.
Rd7 Ra6 47. Kg4 Re6 48. Kh5 Kg8 49. g4 Kh8 50. Rd8+ Kg7 51. Rd7+ Kg8 52. Rd8+
Kg7 1/2-1/2

[Event "C.to Provinciale CO"]
[Site "Como ITA"]
[Date "2009.01.25"]
[Round "4"]
[White "Laricini, Alberto"]
[Black "Orsenigo, Davide"]
[Result "0-1"]
[WhiteElo "1724"]
[BlackElo "1879"]
[PlyCount "76"]
[EventDate "2009.01.24"]

1. d4 Nf6 2. Nf3 d5 3. Bg5 e6 4. e3 Nbd7 5. c4 c6 6. cxd5 exd5 7. Nc3 Bd6 8.
Be2 O-O 9. Rc1 Qa5 10. Qc2 Ne4 11. Bh4 f5 12. O-O Ndf6 13. a3 f4 14. Nxe4 Nxe4
15. Ng5 Nxg5 16. Bxg5 f3 17. Bxf3 Rxf3 18. gxf3 Bh3 19. Rfe1 Qc7 20. f4 Bg4 21.
e4 Bf3 22. e5 Qd7 23. f5 Be7 24. Qd3 Bxg5 25. Qxf3 Bxc1 26. Rxc1 Rf8 27. e6
Qxe6 28. fxe6 Rxf3 29. e7 Kf7 30. Re1 Ke8 31. Kg2 Rf7 32. Kg3 Rxe7 33. Rxe7+
Kxe7 34. Kf4 Kf6 35. Ke3 Kf5 36. f3 g5 37. h3 h5 38. b4 b5 0-1

[Event "C.to Provinciale CO"]
[Site "Como ITA"]
[Date "2009.01.25"]
[Round "4"]
[White "Pozzi, Marco"]
[Black "Dal Lago, Emilio"]
[Result "1-0"]
[WhiteElo "1613"]
[BlackElo "1475"]
[PlyCount "41"]
[EventDate "2009.01.24"]

1. c4 e5 2. Nc3 d6 3. g3 Nf6 4. Bg2 c6 5. d4 Nbd7 6. Nf3 Qc7 7. O-O Be7 8. Qc2
Nb6 9. b3 Be6 10. dxe5 dxe5 11. Bb2 Nbd7 12. Ng5 Bg4 13. Rad1 O-O-O 14. Nxf7
Bh5 15. Nxh8 Rxh8 16. Bh3 Ng4 17. Qf5 g6 18. Qe6 Ngf6 19. Qxe7 Bxe2 20. Nxe2
Kb8 21. Bxd7 1-0

[Event "C.to Provinciale CO"]
[Site "Como ITA"]
[Date "2009.02.01"]
[Round "5"]
[White "Bernasconi, Roberto"]
[Black "Revinelli, Sergio"]
[Result "1/2-1/2"]
[WhiteElo "1929"]
[BlackElo "1868"]
[PlyCount "27"]
[EventDate "2009.01.24"]

1. e4 e5 2. Nf3 Nc6 3. Nc3 Nf6 4. Bb5 d6 5. h3 Be7 6. O-O O-O 7. d4 Nxd4 8.
Nxd4 exd4 9. Qxd4 Bd7 10. a4 a6 11. Bd3 Bc6 12. Bg5 Nd7 13. Bxe7 Qxe7 14. Rae1
1/2-1/2

[Event "C.to Provinciale CO"]
[Site "Como ITA"]
[Date "2009.02.01"]
[Round "5"]
[White "Betori, Alessandro"]
[Black "Grassetto, Gilberto"]
[Result "1-0"]
[WhiteElo "1662"]
[BlackElo "1892"]
[PlyCount "101"]
[EventDate "2009.01.24"]

1. Nf3 d5 2. g3 Nf6 3. Bg2 Nbd7 4. d3 e5 5. Nbd2 Bd6 6. e4 dxe4 7. dxe4 Nb6 8.
b3 O-O 9. Bb2 Re8 10. h3 Bd7 11. O-O Bc6 12. Re1 Nbd7 13. Nh4 g6 14. Nc4 Bc5
15. Na5 Nh5 16. Qf3 Re6 17. Nxc6 Rxc6 18. Re2 Qe7 19. Rf1 a5 20. a4 Ng7 21. Rd2
Nf8 22. Qe2 Nh5 23. Kh2 Ne6 24. Qg4 Neg7 25. Rd5 Bd6 26. Qe2 Nf4 27. gxf4 Qxh4
28. fxe5 Qf4+ 29. Kg1 Bc5 30. Qg4 Ne6 31. Qd1 Qg5 32. Bc1 Qe7 33. Kh2 Bb6 34.
f4 Rc5 35. c4 Rxd5 36. exd5 Rd8 37. Qc2 Ng7 38. Bb2 Nf5 39. Qe4 Qb4 40. e6 Qxb3
41. Qd4 Kf8 42. Qh8+ Ke7 43. Bf6+ Kd6 44. Qxd8+ Kc5 45. exf7 Qg3+ 46. Kh1 Ne3
47. f8=Q+ Kxc4 48. Rc1+ Kb3 49. Rc3+ Kb2 50. Qa3+ Kb1 51. Rc1# 1-0

[Event "C.to Provinciale CO"]
[Site "Como ITA"]
[Date "2009.02.01"]
[Round "5"]
[White "Corti, Massimo"]
[Black "Guglielmetti, Oscar"]
[Result "1-0"]
[WhiteElo "2057"]
[BlackElo "1594"]
[PlyCount "49"]
[EventDate "2009.01.24"]

1. Nf3 f5 2. c4 Nf6 3. g3 e6 4. Bg2 Be7 5. d4 c6 6. O-O O-O 7. b3 Na6 8. Ne5
Nc7 9. Ba3 d6 10. Nd3 Qe8 11. Nd2 Qg6 12. Qe1 Qh6 13. e4 Ng4 14. h3 fxe4 15.
Nxe4 Nf6 16. Bxd6 Nxe4 17. Bxe7 Nd2 18. Bxf8 Nxf1 19. Bd6 Ne8 20. Bf4 Qh5 21.
Qxf1 Nf6 22. Qd1 Qf5 23. Ne5 g5 24. Be3 h5 25. Qd3 1-0

[Event "C.to Provinciale CO"]
[Site "Como ITA"]
[Date "2009.02.01"]
[Round "5"]
[White "Dal Lago, Emilio"]
[Black "Cacia, Vincenzo"]
[Result "1-0"]
[WhiteElo "1475"]
[BlackElo "1434"]
[PlyCount "27"]
[EventDate "2009.01.24"]

1. e4 e5 2. Nf3 Nc6 3. Bb5 Nge7 4. O-O a6 5. Ba4 d6 6. d3 Bd7 7. Nc3 h6 8. Be3
f5 9. Nh4 f4 10. Qh5+ g6 11. Nxg6 Rg8 12. Nxe7+ Kxe7 13. Nd5+ Ke6 14. Qf5# 1-0

[Event "C.to Provinciale CO"]
[Site "Como ITA"]
[Date "2009.02.01"]
[Round "5"]
[White "Gagliardi, Christian"]
[Black "Crippa, Gabriele"]
[Result "1/2-1/2"]
[WhiteElo "2209"]
[BlackElo "2091"]
[PlyCount "87"]
[EventDate "2009.01.24"]

1. Nf3 d6 2. g3 Bg4 3. Bg2 Qc8 4. h3 Bd7 5. d4 Nf6 6. c4 g6 7. Nc3 Nc6 8. d5
Nd8 9. e4 e5 10. Bg5 Bg7 11. Qd2 h6 12. Be3 b6 13. Ng1 Ng8 14. Nge2 Ne7 15. Rb1
a5 16. Nb5 f6 17. O-O Nf7 18. Nec3 O-O 19. Kh2 g5 20. b3 Ng6 21. a3 h5 22. b4
Qd8 23. c5 f5 24. exf5 Bxf5 25. cxb6 cxb6 26. Be4 Bxe4 27. Nxe4 Qd7 28. a4 g4
29. h4 Qe7 30. Qd3 Nf4 31. gxf4 exf4 32. Bxf4 Ne5 33. Bxe5 Bxe5+ 34. Ng3 Qxh4+
35. Kg1 Rf3 36. Qg6+ Kf8 37. Qxh5 Bxg3 38. Qxh4 Bxh4 39. Nxd6 Rd8 40. Nc4 Rxd5
41. bxa5 bxa5 42. Rb8+ Kg7 43. Rb7+ Kg6 44. Rb5 1/2-1/2

[Event "C.to Provinciale CO"]
[Site "Como ITA"]
[Date "2009.02.01"]
[Round "5"]
[White "Guzzetti, Luigi Enrico"]
[Black "Falchi, Claudio"]
[Result "1-0"]
[WhiteElo "1854"]
[BlackElo "1494"]
[PlyCount "49"]
[EventDate "2009.01.24"]

1. e4 c5 2. Nf3 d6 3. d4 cxd4 4. Nxd4 Nf6 5. Nc3 a6 6. Be2 e6 7. Be3 Nbd7 8.
O-O Qc7 9. f4 b5 10. a3 Bb7 11. Bf3 Nc5 12. e5 dxe5 13. Bxb7 Nxb7 14. fxe5 Qxe5
15. Qf3 Bd6 16. g3 O-O 17. Rad1 Ng4 18. Rfe1 Nxe3 19. Rxe3 Qg5 20. Ne4 Qd5 21.
Nb3 Qc6 22. Nf6+ gxf6 23. Qxc6 Rab8 24. Rxd6 Nxd6 25. Qxd6 1-0

[Event "C.to Provinciale CO"]
[Site "Como ITA"]
[Date "2009.02.01"]
[Round "5"]
[White "Lancianese, Giuseppe"]
[Black "Arboscelli, Gregorio"]
[Result "1-0"]
[WhiteElo "1804"]
[BlackElo "1897"]
[PlyCount "55"]
[EventDate "2009.01.24"]

1. d4 Nf6 2. c4 c5 3. Nf3 g6 4. Nc3 Bg7 5. e4 cxd4 6. Nxd4 d6 7. Be2 O-O 8. O-O
Qb6 9. Nf3 Nbd7 10. Qc2 Nc5 11. Be3 Ng4 12. Bd4 Bxd4 13. Nxd4 Nf6 14. Rfd1 Ne6
15. Nxe6 fxe6 16. Bf3 Nd7 17. Ne2 Ne5 18. Nd4 Nxf3+ 19. Nxf3 e5 20. c5 dxc5 21.
Nxe5 Be6 22. Nd7 Bxd7 23. Rxd7 e6 24. Qc4 Qxb2 25. Qxe6+ Kh8 26. Rf1 Rae8 27.
Qh3 h5 28. Qe3 1-0

[Event "C.to Provinciale CO"]
[Site "Como ITA"]
[Date "2009.02.01"]
[Round "5"]
[White "Lipari, Alberto"]
[Black "Falconieri, Goffredo"]
[Result "1/2-1/2"]
[WhiteElo "1524"]
[BlackElo "1759"]
[PlyCount "63"]
[EventDate "2009.01.24"]

1. d4 d6 2. c4 Nd7 3. Nc3 e5 4. Nf3 Ngf6 5. Bg5 Be7 6. h3 c6 7. e3 O-O 8. Bd3
Re8 9. O-O Qc7 10. Qc2 g6 11. Rfe1 Bf8 12. dxe5 dxe5 13. Ne4 Nxe4 14. Bxe4 Nc5
15. Nd2 Bg7 16. b4 Nxe4 17. Nxe4 Bf5 18. Rad1 Bxe4 19. Qxe4 f6 20. Bh4 Rad8 21.
c5 Rxd1 22. Rxd1 Rd8 23. Rxd8+ Qxd8 24. Qc4+ Qd5 25. Qc2 Kf7 26. e4 Qd7 27. a4
a6 28. f3 Bh6 29. Bf2 Bf4 30. g3 Bh6 31. f4 Bf8 32. Kf1 1/2-1/2

[Event "C.to Provinciale CO"]
[Site "Como ITA"]
[Date "2009.02.01"]
[Round "5"]
[White "Liscio, Giovanni"]
[Black "Raineri, Pieroberto"]
[Result "1-0"]
[WhiteElo "2014"]
[BlackElo "1669"]
[PlyCount "69"]
[EventDate "2009.01.24"]

1. d4 Nf6 2. Nf3 g6 3. c4 Bg7 4. Nc3 O-O 5. e4 d6 6. Be2 e5 7. d5 a5 8. O-O Na6
9. Ne1 Nc5 10. f3 a4 11. Nd3 Nxd3 12. Bxd3 Bd7 13. Be3 Nh5 14. Qd2 b6 15. Nb5
f5 16. b4 f4 17. Bf2 Bf6 18. c5 Bxb5 19. Bxb5 Bh4 20. cxb6 Bxf2+ 21. Qxf2 cxb6
22. Rac1 Ng7 23. Rc6 Ne8 24. Rfc1 Rf7 25. Qxb6 Qd7 26. a3 Qb7 27. Qxb7 Rxb7 28.
Ba6 Rc7 29. Rxc7 Nxc7 30. Rxc7 Rxa6 31. Rc6 Ra7 32. Rxd6 Kf7 33. Kf2 Rc7 34.
Rc6 Ra7 35. Ke2 1-0

[Event "C.to Provinciale CO"]
[Site "Como ITA"]
[Date "2009.02.01"]
[Round "5"]
[White "Minelli, Marco"]
[Black "Ghelfi, Giancarlo"]
[Result "1/2-1/2"]
[WhiteElo "1380"]
[BlackElo "1717"]
[PlyCount "71"]
[EventDate "2009.01.24"]

1. c4 Nf6 2. b3 g6 3. Bb2 Bg7 4. Nf3 d6 5. d3 O-O 6. g3 Nbd7 7. Bg2 Rb8 8. Nbd2
b5 9. Qc2 c5 10. O-O b4 11. Rfe1 a5 12. e4 e5 13. h3 Nb6 14. Rad1 Bd7 15. Bc1
Qc8 16. Kh2 Bh6 17. Ng1 Bxd2 18. Bxd2 a4 19. Bh6 Re8 20. Nf3 a3 21. Bg5 Nh5 22.
Rh1 Kg7 23. Kg1 f6 24. Be3 f5 25. exf5 gxf5 26. Qe2 f4 27. Nh4 Nf6 28. Bc1 Kh8
29. gxf4 exf4 30. Qf3 Rg8 31. Bxf4 Qf8 32. Kh2 Nh5 33. Bg3 Qxf3 34. Bxf3 Nxg3
35. fxg3 Rbf8 36. Rdf1 1/2-1/2

[Event "C.to Provinciale CO"]
[Site "Como ITA"]
[Date "2009.02.01"]
[Round "5"]
[White "Napoli, Ferdinando"]
[Black "Gonella, Daniele"]
[Result "0-1"]
[WhiteElo "1731"]
[BlackElo "1740"]
[PlyCount "36"]
[EventDate "2009.01.24"]

1. e4 e5 2. Nf3 Nc6 3. Bc4 Bc5 4. b4 Bxb4 5. c3 Be7 6. d4 exd4 7. O-O Nf6 8. e5
Ne4 9. cxd4 d5 10. exd6 Nxd6 11. Bb3 O-O 12. Bb2 Bf6 13. Nc3 Bg4 14. h3 Bxf3
15. Qxf3 Nxd4 16. Qd3 Nxb3 17. axb3 a6 18. Ba3 Nb5 0-1

[Event "C.to Provinciale CO"]
[Site "Como ITA"]
[Date "2009.02.01"]
[Round "5"]
[White "Orsenigo, Davide"]
[Black "Coppola, Guido"]
[Result "0-1"]
[WhiteElo "1879"]
[BlackElo "2012"]
[PlyCount "58"]
[EventDate "2009.01.24"]

1. e4 c5 2. Nf3 d6 3. d4 cxd4 4. Nxd4 Nf6 5. Nc3 a6 6. Be2 e5 7. Nb3 Be7 8. O-O
Be6 9. Be3 Nbd7 10. f3 Nb6 11. Nd2 Rc8 12. Bf2 O-O 13. g4 h6 14. Bg3 Nbd7 15.
Kg2 d5 16. exd5 Bxd5 17. Nde4 Bc6 18. Bd3 Qb6 19. b3 Rfd8 20. Qe2 Bb4 21. h3
Qa5 22. Nd1 Nxe4 23. Bxe4 Nf6 24. Bd3 e4 25. fxe4 Nxe4 26. Kh2 Nxg3 27. Kxg3
Qc7+ 28. Kh4 Be7+ 29. Kh5 Qg3 0-1

[Event "C.to Provinciale CO"]
[Site "Como ITA"]
[Date "2009.02.01"]
[Round "5"]
[White "Petetta, Roberto"]
[Black "Bellotto, Stefano"]
[Result "0-1"]
[WhiteElo "1656"]
[BlackElo "1992"]
[PlyCount "84"]
[EventDate "2009.01.24"]

1. e4 d6 2. f4 Nf6 3. Nc3 c6 4. Nf3 Bg4 5. Be2 e6 6. O-O d5 7. exd5 cxd5 8.
Bb5+ Nc6 9. d4 Be7 10. Qe1 Bf5 11. Bxc6+ bxc6 12. Qd1 O-O 13. Ne2 c5 14. Kh1
Ne4 15. Be3 Qb6 16. b3 Qa6 17. dxc5 Nxc5 18. Ned4 Be4 19. Nd2 Rac8 20. Nxe4
Nxe4 21. Nf3 Rfd8 22. Bd4 f6 23. Qd3 Qb7 24. Nd2 Bb4 25. Nxe4 dxe4 26. Qe3 Rxc2
27. Rfd1 Qd5 28. Qg1 Rd2 29. Rxd2 Bxd2 30. Bxa7 Bxf4 31. Qe1 Qe5 32. g3 Bd2 33.
Qf1 e3 34. Bxe3 Qxe3 35. Rd1 Rd5 36. Qg2 f5 37. b4 Bxb4 38. Rxd5 Qe1+ 39. Qg1
Qe4+ 40. Qg2 exd5 41. Kg1 Bc5+ 42. Kf1 Qb1+ 0-1

[Event "C.to Provinciale CO"]
[Site "Como ITA"]
[Date "2009.02.01"]
[Round "5"]
[White "Primerano, Carlo"]
[Black "Pozzi, Marco"]
[Result "1-0"]
[WhiteElo "1718"]
[BlackElo "1613"]
[PlyCount "55"]
[EventDate "2009.01.24"]

1. d4 Nf6 2. c4 d5 3. Nc3 e6 4. Bg5 Be7 5. cxd5 exd5 6. Qc2 Nc6 7. e3 a6 8. a3
O-O 9. Bd3 h6 10. Bh4 Re8 11. Nf3 Bg4 12. h3 Bxf3 13. gxf3 Bf8 14. O-O-O Be7
15. Rdg1 Nh5 16. Bxe7 Rxe7 17. Rg4 Nf6 18. Rg2 Ne8 19. Rhg1 Qd6 20. Qd1 b5 21.
Bb1 b4 22. Qd3 f5 23. Qxf5 bxc3 24. Qh7+ Kf7 25. Rxg7+ Nxg7 26. Rxg7+ Ke8 27.
Qg8+ Kd7 28. Bf5+ 1-0

[Event "C.to Provinciale CO"]
[Site "Como ITA"]
[Date "2009.02.01"]
[Round "5"]
[White "Righetti, Samuele"]
[Black "Laricini, Alberto"]
[Result "0-1"]
[WhiteElo "1419"]
[BlackElo "1724"]
[PlyCount "46"]
[EventDate "2009.01.24"]

1. e4 Nf6 2. Nc3 e5 3. Nf3 d6 4. h3 Be7 5. d4 exd4 6. Nxd4 O-O 7. Be3 c5 8. Nf3
a6 9. Bd3 Nc6 10. O-O b5 11. a3 Bb7 12. b3 Rc8 13. Ne2 Ne5 14. Nxe5 dxe5 15. c3
Bxe4 16. Bxe4 Nxe4 17. Qxd8 Rfxd8 18. Rad1 f5 19. Rxd8+ Rxd8 20. Rb1 f4 21. Bc1
Rd1+ 22. Kh2 Nxf2 23. c4 Rh1# 0-1

[Event "C.to Provinciale CO"]
[Site "Como ITA"]
[Date "2009.02.01"]
[Round "5"]
[White "Rizzi, Pierantonio"]
[Black "Corti, Filippo"]
[Result "0-1"]
[WhiteElo "1416"]
[BlackElo "1735"]
[PlyCount "102"]
[EventDate "2009.01.24"]

1. e4 c6 2. d4 d5 3. e5 Bf5 4. Bd3 Bxd3 5. Qxd3 e6 6. Nf3 Nd7 7. O-O c5 8. c3
Ne7 9. Bg5 Qb6 10. b3 Nc6 11. Nbd2 cxd4 12. Nxd4 Ncxe5 13. Qg3 Bc5 14. Nc2 Ng6
15. Be3 Bd6 16. Bxb6 Bxg3 17. Bd4 Be5 18. Rae1 Bxd4 19. Nxd4 O-O 20. c4 dxc4
21. Nxc4 Nb6 22. Nf3 Nd5 23. Nfe5 Nxe5 24. Nxe5 Rfd8 25. Nc4 Rac8 26. a3 Rd7
27. f4 Rcd8 28. Rf3 Nf6 29. h3 Rd3 30. Ree3 Rxe3 31. Rxe3 Rd4 32. g3 Nd5 33.
Rf3 Kf8 34. Kf2 Ke7 35. Na5 Rd2+ 36. Ke1 Ra2 37. a4 b5 38. Nc6+ Kd6 39. Nxa7
bxa4 40. Nb5+ Kc5 41. Nc3 Nxc3 42. Rxc3+ Kb4 43. Rc7 axb3 44. Kd1 b2 45. Kc2
Ra3 46. Rxf7 Rxg3 47. Kxb2 Rxh3 48. Rb7+ Kc5 49. Rxg7 Kd4 50. Re7 Rh6 51. Kc2
Ke4 0-1

[Event "C.to Provinciale CO"]
[Site "Como ITA"]
[Date "2009.02.01"]
[Round "5"]
[White "Rossi, Giampiero"]
[Black "Buonocore, Elio"]
[Result "0-1"]
[WhiteElo "1948"]
[BlackElo "2188"]
[PlyCount "72"]
[EventDate "2009.01.24"]

1. d4 f5 2. c4 Nf6 3. Nc3 g6 4. Nf3 Bg7 5. e3 d6 6. Be2 O-O 7. O-O Nc6 8. Bd2
e5 9. d5 Ne7 10. Qb3 Kh8 11. Rfd1 h6 12. Be1 g5 13. Rac1 Ng6 14. Qc2 g4 15. Nd2
h5 16. Nf1 Bh6 17. b4 Nh4 18. f3 Ng6 19. fxg4 Nxg4 20. Bxg4 hxg4 21. c5 Bd7 22.
Ne2 Qf6 23. cxd6 cxd6 24. g3 Rf7 25. Qb3 Bb5 26. Rc2 Kh7 27. a4 Bxe2 28. Rxe2
f4 29. exf4 exf4 30. Re6 Qf5 31. Qd3 Rd8 32. b5 Qxd3 33. Rxd3 Ne5 34. Rd1 Nf3+
35. Kf2 Ng5 36. Rd2 f3 0-1

[Event "C.to Provinciale CO"]
[Site "Como ITA"]
[Date "2009.02.01"]
[Round "6"]
[White "Bellotto, Stefano"]
[Black "Lancianese, Giuseppe"]
[Result "1-0"]
[WhiteElo "1992"]
[BlackElo "1804"]
[PlyCount "31"]
[EventDate "2009.01.24"]

1. d4 d5 2. c4 c6 3. cxd5 cxd5 4. Nc3 Nf6 5. Nf3 Bf5 6. Qb3 b6 7. Bf4 e6 8. e3
Bd6 9. Bb5+ Ke7 10. Ne5 a6 11. Be2 Ne4 12. Nxe4 Bxe4 13. f3 Bg6 14. O-O f6 15.
Rac1 h6 16. Nxg6+ 1-0

[Event "C.to Provinciale CO"]
[Site "Como ITA"]
[Date "2009.02.01"]
[Round "6"]
[White "Buonocore, Elio"]
[Black "Gagliardi, Christian"]
[Result "0-1"]
[WhiteElo "2188"]
[BlackElo "2209"]
[PlyCount "114"]
[EventDate "2009.01.24"]

1. e4 g6 2. d4 Bg7 3. Nc3 d6 4. f4 a6 5. Nf3 b5 6. Bd3 Bb7 7. Be3 Nd7 8. Qe2
Nb6 9. a4 b4 10. Nd1 Nf6 11. Nf2 a5 12. O-O O-O 13. b3 Nfd7 14. e5 Nd5 15. Ne4
Nxe3 16. Qxe3 Nb6 17. Nfg5 Qd7 18. Qg3 f5 19. exf6 exf6 20. Nxh7 Kxh7 21. Nc5
Qf7 22. f5 g5 23. Nxb7 Rfb8 24. Qf3 Ra7 25. Nc5 dxc5 26. dxc5 Nd5 27. c6 Nb6
28. Rae1 Re8 29. Re6 Raa8 30. Rfe1 Bf8 31. h4 Bh6 32. R6e4 Rad8 33. Rg4 Rg8 34.
hxg5 Rxg5 35. Rh4 Rdg8 36. Bf1 Nc8 37. Qh3 Qg7 38. Re3 Rg4 39. Re4 Rxh4 40.
Qxh4 Qg5 41. Qf2 Nd6 42. Re7+ Rg7 43. Rxg7+ Kxg7 44. Bd3 Qc1+ 45. Kh2 Qf4+ 46.
Qxf4 Bxf4+ 47. Kh3 Kh6 48. Kg4 Bd2 49. Kh4 Nf7 50. Be4 Ne5 51. Bd5 Be1+ 52. g3
Bf2 53. Be4 Kg7 54. Kh3 Kf7 55. Kg2 Be3 56. Kf1 Ke7 57. Ke2 Bg5 0-1

[Event "C.to Provinciale CO"]
[Site "Como ITA"]
[Date "2009.02.01"]
[Round "6"]
[White "Coppola, Guido"]
[Black "Corti, Massimo"]
[Result "1/2-1/2"]
[WhiteElo "2012"]
[BlackElo "2057"]
[PlyCount "49"]
[EventDate "2009.01.24"]

1. e4 e6 2. d4 d5 3. e5 Ne7 4. Bd3 c5 5. c3 Nec6 6. Nf3 Nd7 7. O-O f5 8. exf6
Nxf6 9. Re1 cxd4 10. Nxd4 Nxd4 11. cxd4 Bd6 12. Bb5+ Kf7 13. Nd2 Rf8 14. Nf3
Kg8 15. Bd3 h6 16. Ne5 Bd7 17. Re3 Be8 18. Rh3 Ne4 19. Bxe4 dxe4 20. Qg4 Qf6
21. Be3 Qf5 22. Qe2 Bxe5 23. dxe5 Bc6 24. Rh5 Bb5 25. Rxf5 1/2-1/2

[Event "C.to Provinciale CO"]
[Site "Como ITA"]
[Date "2009.02.01"]
[Round "6"]
[White "Corti, Filippo"]
[Black "Napoli, Ferdinando"]
[Result "0-1"]
[WhiteElo "1735"]
[BlackElo "1731"]
[PlyCount "92"]
[EventDate "2009.01.24"]

1. Nf3 d6 2. g3 Nf6 3. Bg2 g6 4. d4 Bg7 5. O-O O-O 6. c4 c6 7. Nc3 Qa5 8. e4 e5
9. d5 cxd5 10. cxd5 Na6 11. Bd2 Qb6 12. b3 Bd7 13. Qe2 Rac8 14. Rfc1 Nc5 15. h3
a6 16. Be3 Qb4 17. Nd2 Nxb3 18. Nxb3 Rxc3 19. Rxc3 Qxc3 20. Rc1 Qb4 21. Rc4 Qb5
22. Qc2 a5 23. Bf1 a4 24. Nd2 Qa5 25. Rc7 b5 26. Nb1 Rd8 27. Bd2 Qa8 28. Bb4
Ne8 29. Rc3 f5 30. f3 Qa7+ 31. Kg2 fxe4 32. fxe4 Bh6 33. a3 Be3 34. Nd2 Bd4 35.
Rf3 Rc8 36. Qd3 Bc5 37. Qe2 Bxb4 38. axb4 Kg7 39. Rf2 Rc3 40. Nf3 Qe3 41. Qb2
a3 42. Qa1 Rb3 43. h4 Qxe4 44. Be2 Rb2 45. Qd1 a2 46. Kh2 Rxe2 0-1

[Event "C.to Provinciale CO"]
[Site "Como ITA"]
[Date "2009.02.01"]
[Round "6"]
[White "Crippa, Gabriele"]
[Black "Liscio, Giovanni"]
[Result "1/2-1/2"]
[WhiteElo "2091"]
[BlackElo "2014"]
[PlyCount "98"]
[EventDate "2009.01.24"]

1. Nf3 d5 2. d4 e6 3. Bf4 Nf6 4. e3 c5 5. c3 Nc6 6. Nbd2 Be7 7. Bd3 h6 8. Ne5
Bd7 9. Bg3 c4 10. Bc2 b5 11. e4 Nxe5 12. Bxe5 Bc6 13. Bxf6 Bxf6 14. e5 Be7 15.
O-O O-O 16. f4 b4 17. Rf3 a5 18. Rh3 f5 19. g4 bxc3 20. bxc3 Rb8 21. gxf5 exf5
22. Rb1 Bd7 23. Rg3 Rb6 24. Kh1 Qc7 25. Nf1 g6 26. Ne3 Kh7 27. Rg2 Be6 28. Qf3
Rxb1+ 29. Bxb1 Qb7 30. Bc2 Qd7 31. Qg3 Rg8 32. Rg1 g5 33. h3 gxf4 34. Qxf4
Rxg1+ 35. Kxg1 Bg5 36. Bxf5+ Bxf5 37. Qxf5+ Qxf5 38. Nxf5 Bd2 39. e6 Kg6 40.
Ne7+ Kf6 41. Nxd5+ Kxe6 42. Nc7+ Kd7 43. Nb5 a4 44. Kf2 Kc6 45. Ke2 Bc1 46. Kd1
Bb2 47. Kc2 a3 48. Na7+ Kb7 49. Nb5 Kc6 1/2-1/2

[Event "C.to Provinciale CO"]
[Site "Como ITA"]
[Date "2009.02.01"]
[Round "6"]
[White "Falchi, Claudio"]
[Black "Gonella, Graziano"]
[Result "1-0"]
[WhiteElo "1494"]
[BlackElo "1140"]
[PlyCount "93"]
[EventDate "2009.01.24"]

1. e4 e5 2. Nf3 Nc6 3. Bc4 d6 4. h3 Be7 5. Nc3 Be6 6. Bxe6 fxe6 7. d3 Nf6 8.
Be3 d5 9. exd5 Nxd5 10. Bd2 Qd7 11. Qe2 Bf6 12. O-O-O O-O-O 13. g4 Qd6 14. g5
Be7 15. Rde1 h6 16. gxh6 gxh6 17. Nxe5 Nxe5 18. Qxe5 Qxe5 19. Rxe5 Rd6 20. Rhe1
Kd7 21. Nxd5 Rxd5 22. Rxe6 Bg5 23. R6e5 Bxd2+ 24. Kxd2 Rxe5 25. Rxe5 Kd6 26. d4
Rf8 27. Ke3 b6 28. a3 c5 29. c3 Rf6 30. b4 Kc6 31. bxc5 bxc5 32. Rxc5+ Kd6 33.
Ra5 Rf7 34. Ra6+ Kd5 35. Rxh6 Re7+ 36. Kd3 Rc7 37. Rh5+ Ke6 38. f4 Rf7 39. Ke4
Rc7 40. Rc5 Re7 41. Re5+ Kf7 42. Rxe7+ Kxe7 43. Ke5 a6 44. h4 Kf7 45. d5 Ke7
46. h5 Kf7 47. h6 1-0

[Event "C.to Provinciale CO"]
[Site "Como ITA"]
[Date "2009.02.01"]
[Round "6"]
[White "Falconieri, Goffredo"]
[Black "Arboscelli, Gregorio"]
[Result "0-1"]
[WhiteElo "1759"]
[BlackElo "1897"]
[PlyCount "76"]
[EventDate "2009.01.24"]

1. d4 d5 2. c4 e6 3. Nf3 Nf6 4. Bg5 Nbd7 5. e3 Be7 6. Nc3 c6 7. c5 Qc7 8. Bf4
Qa5 9. Qd2 Nh5 10. Bg3 Nxg3 11. hxg3 Qc7 12. b4 e5 13. dxe5 Nxe5 14. Nxe5 Qxe5
15. Be2 a5 16. bxa5 Bxc5 17. Rb1 d4 18. exd4 Qxd4 19. Qxd4 Bxd4 20. Ne4 Be5 21.
Rh5 f5 22. Nc5 g6 23. Rh4 Ra7 24. Ra4 Bc3+ 25. Kd1 O-O 26. Kc2 Bxa5 27. Nb3 Bb6
28. Rxa7 Bxa7 29. f4 Bf2 30. Bc4+ Kg7 31. Rf1 Bxg3 32. Rf3 Bh4 33. Nd4 Re8 34.
Kd3 Bf6 35. Ne2 b5 36. Bb3 c5 37. Bc2 b4 38. Bb3 Ba6+ 0-1

[Event "C.to Provinciale CO"]
[Site "Como ITA"]
[Date "2009.02.01"]
[Round "6"]
[White "Ghelfi, Giancarlo"]
[Black "Lipari, Alberto"]
[Result "1/2-1/2"]
[WhiteElo "1717"]
[BlackElo "1524"]
[PlyCount "130"]
[EventDate "2009.01.24"]

1. e4 c5 2. Nf3 Nc6 3. d4 e6 4. Nc3 Nf6 5. Be3 cxd4 6. Nxd4 Nxd4 7. Bxd4 Bb4 8.
Bd3 b6 9. O-O Bb7 10. f3 O-O 11. a3 Bc5 12. Bxc5 bxc5 13. Nb5 Qb6 14. c4 a6 15.
Nc3 Qxb2 16. Na4 Qd4+ 17. Kh1 Rab8 18. Qc2 g6 19. Rab1 Nh5 20. Rfd1 Qe5 21. Nb6
Rfd8 22. Qa4 Qc7 23. Bf1 d6 24. Qb3 Nf4 25. Rb2 e5 26. g3 Ne6 27. Qe3 Nd4 28.
Rdb1 f5 29. exf5 Bxf3+ 30. Bg2 Bxg2+ 31. Kxg2 Nxf5 32. Qe4 Qb7 33. Nd5 Qa7 34.
Nb6 Qf7 35. a4 Rf8 36. a5 Nd4 37. Qg4 h5 38. Qe4 Qf5 39. Qd5+ Qe6 40. Qxe6+
Nxe6 41. Nd7 Rxb2+ 42. Rxb2 Rf7 43. Nb8 Nd8 44. Nxa6 Rb7 45. Rb6 Rxb6 46. axb6
Nb7 47. Nc7 Kf7 48. Nd5 Ke6 49. Kf3 Kd7 50. Ke4 Kc6 51. Ne7+ Kxb6 52. Kd5 g5
53. Nf5 Kc7 54. h3 Kd7 55. Ng7 h4 56. gxh4 gxh4 57. Nf5 Kc7 58. Nxh4 Nd8 59.
Nf5 Nf7 60. h4 Kd7 61. h5 e4 62. Kxe4 Ke6 63. Ng7+ Kf6 64. Ne8+ Kg5 65. Kd5 Ne5
1/2-1/2

[Event "C.to Provinciale CO"]
[Site "Como ITA"]
[Date "2009.02.01"]
[Round "6"]
[White "Gonella, Daniele"]
[Black "Rossi, Giampiero"]
[Result "1-0"]
[WhiteElo "1740"]
[BlackElo "1948"]
[PlyCount "105"]
[EventDate "2009.01.24"]

1. e4 c5 2. c3 d5 3. exd5 Qxd5 4. d4 e6 5. Be3 cxd4 6. Qxd4 Nf6 7. Nf3 Nc6 8.
Qxd5 Nxd5 9. Bd2 Be7 10. Be2 O-O 11. O-O Rd8 12. a3 Bd7 13. c4 Nf6 14. Nc3 Be8
15. Bf4 Rac8 16. Rfd1 h6 17. h4 a6 18. b4 Nh5 19. Bh2 Bf6 20. Rac1 g6 21. g4
Ng7 22. g5 hxg5 23. hxg5 Bxc3 24. Rxc3 Nf5 25. Rcd3 Rxd3 26. Rxd3 Kf8 27. Nd2
Rd8 28. Rxd8 Nxd8 29. Ne4 Bc6 30. Bd3 Ke7 31. Be5 Bxe4 32. Bxe4 Nd6 33. Bd3 Nc6
34. Bf6+ Kd7 35. f4 Ne8 36. Bc3 Nc7 37. a4 b6 38. b5 axb5 39. axb5 Ne7 40. Bd4
Nc8 41. Be4 Nd6 42. Bd3 Nc8 43. Kf2 Ne8 44. Ke2 Ned6 45. Kd2 Nb7 46. Kc3 Nc5
47. Be2 Kc7 48. Bf3 Nd6 49. Be5 Kd7 50. Bc6+ Kc7 51. Be8 Nce4+ 52. Kd4 Kd8 53.
Bc6 1-0